Statistics for 20 largest cities in Scotland

Click here to take the quiz!

General Stats

  • This quiz has been taken 60 times
  • The average score is 12 of 20

Answer Stats

PopulaionCity% Correct
200,680Aberdeen
100%
488,050Edinburgh
100%
612,040Glasgow
100%
148,280Dundee
96%
47,290Inverness
96%
47,430Perth
78%
37,610Stirling
74%
46,780Ayr
63%
46,770Kilmarnock
50%
75,120East Kilbride
48%
77,220Paisley
48%
50,920Cumbernauld
43%
54,080Hamilton
43%
53,100Dunfermline
41%
42,680Greenock
41%
50,010Kirkcaldy
39%
57,030Livingston
39%
38,510Glenrothes
35%
37,410Airdrie
33%
43,960Coatbridge
28%

Score Distribution

Percentile by Number Answered

Percent of People with Each Score

Your Score History

You have not taken this quiz